संत मलूक ग्रंथावली / (Record no. 203646)

MARC details
000 -LEADER
fixed length control field 00655nam a22001817a 4500
005 - DATE AND TIME OF LATEST TRANSACTION
control field 20240621112556.0
010 ## - LCCN (DPL NO)
LC control number HIN-127861
020 ## - INTERNATIONAL STANDARD BOOK NUMBER
International Standard Book Number 9788188121106
Terms of availability 700.00
035 ## - SYSTEM CONTROL NUMBER
System control number HN-100207
037 ## - SOURCE OF ACQUISITION
Source of stock number/acquisition DBAD
082 ## - DEWEY DECIMAL CLASSIFICATION NUMBER
Classification number 821
245 ## - TITLE STATEMENT
Title संत मलूक ग्रंथावली /
Statement of responsibility, etc बलदेव वंशी
260 ## - PUBLICATION, DISTRIBUTION, ETC. (IMPRINT)
Place of publication, distribution, etc दिल्ली
Name of publisher, distributor, etc परमेशवरी प्रकाशन
Date of publication, distribution, etc 2023
270 ## - ADDRESS
Address बी-109, प्रीत विहार
City नई दिल्ली
Postal code 110092
300 ## - PHYSICAL DESCRIPTION
Extent 332 पिष्ट.
Dimensions 22 (सजिल्द)
700 ## - ADDED ENTRY--PERSONAL NAME
9 (RLIN) 67619
942 ## - ADDED ENTRY ELEMENTS (KOHA)
Item type Hindi Books
Source of classification or shelving scheme Dewey Decimal Classification
Classification part 821
Call number suffix संतम
Holdings
Withdrawn status Lost status Not for loan Collection code Home library Current library Date acquired Source of acquisition Cost, normal purchase price Full call number Barcode Copy number Cost, replacement price Koha item type
      Non-fiction Central Library Central Library 21/06/2024 DBAD 700.00 821 संतम HN-100207 1 700.00 Hindi Books

© Delhi Public Library
Hit Counter
free hit counter